00171nam a22000857a 4500020001500000100001900015245001000034260003300044300000800077 a0439086450 aLaura Driscoll aFrogs aNew YokbScholastic Inc1998 a31p